Clubs victimes de Sergio Ramos - Statistiques

Statistiques générales
  • Ce quiz a été pris 88 fois
    37 depuis la dernière actualisation
  • Le résultat moyen est 24 sur 57
Statistiques - réponses
Pays Club % Correct
Espagne FC Barcelone 5
97%
Espagne Atletico Madrid 6
94%
Espagne FC Séville 7
88%
France Olympique de Marseille 1
88%
Allemagne Bayern Munich 2
82%
Allemagne Borussia Dortmund 1
82%
Italie Inter Milan 1
79%
France Olympique Lyonnais 1
76%
Espagne Real Betis 4
68%
Espagne Athletic Bilbao 6
65%
Italie SSC Naples 1
65%
Turquie Galatasaray 1
62%
Pays-bas PSV Heindhoven 1
62%
Espagne Valence 5
62%
France FC Nantes 1
59%
Espagne Real Sociedad 5
59%
Espagne Villareal 1
59%
France OGC Nice 1
56%
France RC Lens 1
56%
Belgique Club Bruges 1
53%
Italie Atalanta Bergrame 1
50%
Espagne Getafe CF 6
50%
Espagne RCD Majorque 3
47%
Grèce Olympiakos 1
44%
Espagne Celta Vigo 2
41%
Espagne Espanyol Barcelone 3
41%
Espagne Las Palmas 1
41%
Espagne Levante 3
41%
Espagne Rayo Vallecano 2
38%
France Angers SCO 1
35%
France Clermont Ferrand 1
35%
Espagne Girone 3
35%
Espagne Real Valladolid 2
35%
France Stade de Reims 1
35%
Espagne Malaga 5
32%
Espagne Osasuna 4
32%
Espagne Real Saragosse 1
32%
Chypre APOEL Nicosie 1
29%
Espagne Deportivo La Corogne 3
29%
Espagne Léganes 5
29%
Espagne Real Madrid 1
29%
Mexique Tigres 1
29%
Espagne Alaves 1
26%
Espagne Eibar 2
24%
Espagne Grenade 2
21%
Roumanie Steaua Bucarest 1
18%
Espagne UD Almeria 1
18%
Emirats Arabe Unis Al-Ain 1
12%
Bielorussie BATE Borisov 1
9%
Mexique Cruz Azul 1
3%
Espagne Racing Santander 1
3%
Argentine San Lorenzo de Almagro 1
3%
Espagne Astorga 1
0%
Portugal CD Nacional 1
0%
Mexique Cruz Azul 1
0%
Mexique Santos Laguna 1
0%
Canada Vancouver Whitecaps
0%
Aucun quiz correspondant
Distribution des résultats
% des personnes avec chaque résultat
Percentile par nombre de réponses
Votre historique - résultats
Vous n’avez pas pris ce quiz depuis la dernière actualisation